000 01888nam0a2200349 4500
001 RU\NLR\BIBL_A\022078796
005 20231204113945.0
010 _a978-5-907759-02-2
_91000
021 _aRU
_bКН-П-23-067072
_9КН-П-23-6821
035 _a(NLR Aleph) 022078796
035 _a(RuMoRGB)012246337
090 _a12683153
_c12683153
100 _a20231121d2023 c y0rusy50 ca
101 0 _arus
102 _aRU
105 _aa|||z|||000ay
181 0 _ai3
_baxxe
181 0 _ab2
_bxb2e
182 0 _an
200 1 _aРодники с живой водой
_eустное народное творчество для детей
_eзагадки, пословицы и поговорки, пестушки, потешки, прибаутки, небывальщины, побасёнки, докучные сказки, заклички, приговорки, считалки, скороговорки, колыбельные песни, сказки
_e[для детей младшего школьного возраста]
_fавтор-составитель: канд. филол. наук Е. А. Роженцева
_gхудожник: Е. А. Румянцева
203 _aТекст
_aИзображение
_bвизуальные
_cнепосредственные
210 _aМосква
_cИздательский дом Вахромеева
_d2023
215 _a143 с.
_cцв. ил.
_d27
333 _a6+
686 0 _aШ9(2)3=Ря43
702 1 _aРоженцева
_bЕ. А.
_gЕлена Александровна
_4220
702 1 _aРумянцева
_bЕ. А.
_cхудожник, дизайнер
_gЕкатерина Анатольевна
_3RU\NLR\AUTH\7779406
_4040
942 _cBOOK
980 _aNB